| 000 | 00336nam a2200121Ia 4500 | ||
|---|---|---|---|
| 005 | 20251222154356.0 | ||
| 008 | 251222s9999||||xx |||||||||||||| ||spa|| | ||
| 020 | _a978-84-8138-777-3 | ||
| 082 | _a526.9/M33 | ||
| 100 | _a"Maza Vásquez, Francisco" | ||
| 245 | 0 | _aIntroducción a la topograféa y a la cartograféa aplicada | |
| 942 | _cLIB | ||
| 999 |
_c35109 _d35109 |
||